Analýza poistenia majetkových rizík podnikateľov diplomová práca

Enregistré dans:
Détails bibliographiques
Auteur principal: Števuliaková, Beáta
Collectivité auteur: Národohospodárska fakulta EU. Katedra poisťovníctva
Autres auteurs: Drugdová, Barbora
Format: Livre
Langue:slovaque
Publié: Bratislava 2011
Tags: Ajouter un tag
Pas de tags, Soyez le premier à ajouter un tag!

MARC

LEADER 00000nbm a2200000 4500
001 0130549
005 20161109101546.8
041 0 |a slo 
044 |a SK 
245 1 0 |a Analýza poistenia majetkových rizík podnikateľov  |b diplomová práca  |c Beáta Števuliaková ; školiteľ: Barbora Drugdová 
264 1 |a Bratislava  |c 2011 
300 |a 70 s. 
100 1 |a Števuliaková, Beáta 
700 1 |a Drugdová, Barbora 
710 2 |a Národohospodárska fakulta EU. Katedra poisťovníctva